Азот в рассеянном органическом веществе и нефтях верхней юры Западной Сибири; Известия Томского политехнического университета [Известия ТПУ]; Т. 309, № 1

Xehetasun bibliografikoak
Parent link:Известия Томского политехнического университета [Известия ТПУ]/ Томский политехнический университет (ТПУ).— , 2000-
Т. 309, № 1.— 2006.— [С. 40-46]
Beste egile batzuk: Яновская С. С., Сагаченко Т. А., Шикалин А. В., Серебрянникова О. В.
Gaia:Заглавие с титульного листа
Электронная версия печатной публикации
Приведены данные о распределении азотистых соединений в нефтях и рассеянном органическом веществе потенциально нефтематеринских пород верхней юры Западной Сибири. Выявлена связь между содержанием различных типов азотистых соединений в органическом веществе и условиями его накопления, степенью термической зрелости, генетическим типом.
Hizkuntza:errusiera
Argitaratua: 2006
Saila:Естественные науки
Gaiak:
Sarrera elektronikoa:http://www.lib.tpu.ru/fulltext/v/Bulletin_TPU/2006/v309/i1/07.pdf
Formatua: MixedMaterials Baliabide elektronikoa Liburu kapitulua
KOHA link:https://koha.lib.tpu.ru/cgi-bin/koha/opac-detail.pl?biblionumber=171056

MARC

LEADER 00000nla2a2200000 4500
001 171056
005 20231031163912.0
035 |a (RuTPU)RU\TPU\book\185500 
035 |a RU\TPU\book\185493 
090 |a 171056 
100 |a 20091201d2006 k y0rusy50 ca 
101 0 |a rus 
102 |a RU 
135 |a drnn ---uucaa 
181 0 |a i  
182 0 |a b 
200 1 |a Азот в рассеянном органическом веществе и нефтях верхней юры Западной Сибири  |b Электронный ресурс  |f С. С. Яновская [и др.] 
203 |a Текст  |c электронный 
215 |a 1 файл (447 Кб) 
225 1 |a Естественные науки 
230 |a Электронные текстовые данные (1 файл : 447 Кб) 
300 |a Заглавие с титульного листа 
300 |a Электронная версия печатной публикации 
320 |a [Библиогр.: с. 45-46 (24 назв.)] 
330 |a Приведены данные о распределении азотистых соединений в нефтях и рассеянном органическом веществе потенциально нефтематеринских пород верхней юры Западной Сибири. Выявлена связь между содержанием различных типов азотистых соединений в органическом веществе и условиями его накопления, степенью термической зрелости, генетическим типом. 
337 |a Adobe Reader 
461 1 |0 (RuTPU)RU\TPU\book\176237  |t Известия Томского политехнического университета [Известия ТПУ]  |f Томский политехнический университет (ТПУ)  |d 2000- 
463 1 |0 (RuTPU)RU\TPU\book\185489  |t Т. 309, № 1  |v [С. 40-46]  |d 2006  |p 267 с. 
610 1 |a азот 
610 1 |a органические вещества 
610 1 |a нефти 
610 1 |a верхняя юра 
610 1 |a Западная Сибирь 
610 1 |a данные 
610 1 |a азотистые соединения 
610 1 |a нефтематеринские породы 
610 1 |a накопление 
610 1 |a термическая зрелость 
610 1 |a генетический тип 
610 1 |a труды учёных ТПУ 
610 1 |a электронный ресурс 
701 1 |a Яновская  |b С. С. 
701 1 |a Сагаченко  |b Т. А. 
701 1 |a Шикалин  |b А. В. 
701 1 |a Серебрянникова  |b О. В. 
801 1 |a RU  |b 63413507  |c 20090623  |g PSBO 
801 2 |a RU  |b 63413507  |c 20211014  |g PSBO 
856 4 |u http://www.lib.tpu.ru/fulltext/v/Bulletin_TPU/2006/v309/i1/07.pdf 
942 |c CF